[Event "KEN-chT"]
[Site "Nairobi"]
[Date "2019.05.19"]
[Round "15.4"]
[White "Oyamo, Martin"]
[Black "Akhanyinya, Bryan Toboso"]
[Result "1-0"]
[WhiteElo "1718"]
[BlackElo "1778"]
[PlyCount "53"]
[EventDate "2019.02.09"]
[EventType "team-tourn"]
[EventRounds "27"]
[EventCountry "KEN"]
[SourceTitle "CBM 192 Extra"]
[Source "Chessbase"]
[SourceDate "2019.11.06"]
[SourceVersion "1"]
[SourceVersionDate "2019.11.06"]
[SourceQuality "1"]
[WhiteTeam "Deadly Bishops"]
[BlackTeam "Nairobi CA"]
[WhiteTeamCountry "KEN"]
[BlackTeamCountry "KEN"]

1. e4 Nf6 2. e5 Nd5 3. c4 Nb6 4. a4 d6 5. a5 N6d7 6. exd6 cxd6 7. d4 g6 8. Nc3 Bg7 9. Nf3 0-0 10. Bg5 Nc6 11. Be2 h6 12. Bh4 b6 13. a6 Ndb8 14. d5 Nb4 15. 0-0 f5 16. h3 f4 17. Ne4 Bf5 18. Nfd2 g5 19. Nxg5 hxg5 20. Bxg5 N4xa6 21. Bg4 Nc5 22. Re1 Be5 23. Bxf5 Rxf5 24. Qg4 Qd7 25. Bf6+ Kf8 26. Qg7+ Ke8 27. Qg8# 1-0

[Event "KEN-chT"]
[Site "Nairobi"]
[Date "2019.04.14"]
[Round "12.2"]
[White "Akhanyinya, Bryan Toboso"]
[Black "Gichuhi, Brian Chege"]
[Result "1/2-1/2"]
[WhiteElo "1778"]
[BlackElo "1592"]
[PlyCount "121"]
[EventDate "2019.02.09"]
[EventType "team-tourn"]
[EventRounds "27"]
[EventCountry "KEN"]
[SourceTitle "CBM 192 Extra"]
[Source "Chessbase"]
[SourceDate "2019.11.06"]
[SourceVersion "1"]
[SourceVersionDate "2019.11.06"]
[SourceQuality "1"]
[WhiteTeam "Nairobi CA"]
[BlackTeam "Jomo Kenyatta University"]
[WhiteTeamCountry "KEN"]
[BlackTeamCountry "KEN"]

1. d4 g6 2. Nf3 Bg7 3. Nc3 d6 4. Bg5 a6 5. Qd2 b5 6. e4 h6 7. Be3 Bb7 8. h4 e6 9. a3 Nd7 10. h5 g5 11. Nh2 Ngf6 12. Bd3 Nxh5 13. Ng4 Nhf6 14. Nxf6+ Qxf6 15. Be2 Nb6 16. 0-0-0 0-0-0 17. f4 gxf4 18. Bxf4 e5 19. Be3 exd4 20. Bxd4 Qxd4 21. Qxd4 Bxd4 22. Rxd4 Rdg8 23. Bf3 Nc4 24. Nd5 Bxd5 25. exd5 Ne5 26. Be4 Rg5 27. a4 f5 28. Bf3 Nxf3 29. gxf3 Kb7 30. f4 Rg4 31. Rh5 Kb6 32. c3 Rg2 33. axb5 axb5 34. Rd2 Rxd2 35. Kxd2 Kc5 36. Rxf5 h5 37. Kd3 h4 38. b4+ Kb6 39. Rg5 h3 40. Rg1 h2 41. Rh1 c6 42. Ke4 c5 43. Kf5 cxb4 44. cxb4 Kc7 45. Kg6 Kd7 46. f5 Ke7 47. f6+ Kf8 48. f7 Rh3 49. Ra1 Rg3+ 50. Kf6 Rf3+ 51. Ke6 Rxf7 52. Kxd6 Rh7 53. Rh1 Ke8 54. Kc6 Ke7 55. d6+ Kd8 56. Kxb5 Kd7 57. Kb6 Kxd6 58. b5 Ke5 59. Kc6 Kf4 60. b6 Kg3 61. b7 1/2-1/2

[Event "KEN-chT"]
[Site "Nairobi"]
[Date "2019.03.24"]
[Round "7.4"]
[White "Akhanyinya, Bryan Toboso"]
[Black "Muchugu, Christian Nderi"]
[Result "1-0"]
[WhiteElo "1778"]
[BlackElo "1384"]
[PlyCount "79"]
[EventDate "2019.02.09"]
[EventType "team-tourn"]
[EventRounds "27"]
[EventCountry "KEN"]
[SourceTitle "CBM 192 Extra"]
[Source "Chessbase"]
[SourceDate "2019.11.06"]
[SourceVersion "1"]
[SourceVersionDate "2019.11.06"]
[SourceQuality "1"]
[WhiteTeam "Nairobi CA"]
[BlackTeam "Kenya Technical Univ"]
[WhiteTeamCountry "KEN"]
[BlackTeamCountry "KEN"]

1. Nf3 Nf6 2. c4 c5 3. d4 cxd4 4. Nxd4 Nc6 5. Nc3 e6 6. Nc2 Be7 7. e4 Qa5 8. f3 Nb4 9. Ne3 Bc5 10. Be2 Qb6 11. Na4 Qd6 12. Nxc5 Qxc5 13. 0-0 0-0 14. a3 Nc6 15. b4 Qd4 16. Qb3 Qxa1 17. Bb2 Qxf1+ 18. Kxf1 Nh5 19. b5 Ne7 20. Be5 b6 21. Bd6 Re8 22. g4 Nf6 23. e5 Nxg4 24. Nxg4 Nf5 25. Qd1 h5 26. Bd3 hxg4 27. Bxf5 exf5 28. Qd5 Ba6 29. bxa6 Rac8 30. fxg4 fxg4 31. Qb7 Rxc4 32. Qxa7 Rec8 33. Qb7 Rf4+ 34. Kg2 Rc2+ 35. Kg3 g5 36. Bb4 Rd4 37. a7 Rcc4 38. a8Q+ Kh7 39. Qd5 Rf4 40. Qd3+ 1-0

[Event "Nairobi Capablanca Cup 7th"]
[Site "Nairobi"]
[Date "2017.05.21"]
[Round "4"]
[White "Akhanyinya, Bryan Toboso"]
[Black "Methu, Joseph Muraga"]
[Result "0-1"]
[WhiteElo "1815"]
[BlackElo "1903"]
[PlyCount "51"]
[EventDate "2017.05.20"]
[EventType "swiss"]
[EventRounds "6"]
[EventCountry "KEN"]
[SourceTitle "CBM 178 Extra"]
[Source "ChessBase"]
[SourceDate "2017.06.22"]
[SourceVersion "1"]
[SourceVersionDate "2017.06.22"]
[SourceQuality "1"]

1. e4 Nf6 2. e5 Nd5 3. c4 Nb6 4. c5 Nd5 5. Nc3 e6 6. Nxd5 exd5 7. d4 d6 8. cxd6 cxd6 9. exd6 Bxd6 10. Nf3 0-0 11. Be2 Nc6 12. 0-0 Bg4 13. Be3 Bc7 14. Rc1 Qd6 15. g3 Rfe8 16. Re1 Qf6 17. Kg2 Bb6 18. Qa4 Re4 19. Nd2 Bxe2 20. Rxe2 Re6 21. Nf3 Rae8 22. Rec2 Qf5 23. a3 Qe4 24. Re1 Ne5 25. Qxe8+ Rxe8 26. dxe5 0-1

[Event "Nairobi Capablanca Cup 7th"]
[Site "Nairobi"]
[Date "2017.05.21"]
[Round "5"]
[White "Mulaga Omondi, Geofrey"]
[Black "Akhanyinya, Bryan Toboso"]
[Result "1-0"]
[WhiteElo "1813"]
[BlackElo "1815"]
[PlyCount "91"]
[EventDate "2017.05.20"]
[EventType "swiss"]
[EventRounds "6"]
[EventCountry "KEN"]
[SourceTitle "CBM 178 Extra"]
[Source "ChessBase"]
[SourceDate "2017.06.22"]
[SourceVersion "1"]
[SourceVersionDate "2017.06.22"]
[SourceQuality "1"]

1. d4 Nf6 2. Nf3 d6 3. c4 Nbd7 4. Nc3 c6 5. e4 e5 6. Be2 Be7 7. 0-0 0-0 8. Re1 Qc7 9. b3 Rd8 10. Bb2 Nf8 11. Qc2 Bg4 12. Rad1 Bh5 13. Bc1 Ne6 14. d5 Bxf3 15. dxe6 Bxe2 16. exf7+ Kxf7 17. Qxe2 Qd7 18. Rd3 Qe6 19. Rg3 Kg8 20. Nd1 a6 21. Qd3 b5 22. Ne3 Nh5 23. Rf3 Nf4 24. Qc2 Qg6 25. Rg3 Qe6 26. Nf5 Bf6 27. Rf3 g6 28. Ng3 Bg5 29. Bxf4 exf4 30. Ne2 bxc4 31. Nd4 Qf7 32. bxc4 Qd7 33. Rd3 Bf6 34. Nf3 Qe6 35. Rb3 Rab8 36. Reb1 Rxb3 37. axb3 Re8 38. Re1 d5 39. cxd5 cxd5 40. e5 Bg7 41. Qd2 Qf7 42. Ng5 Qb7 43. Qxf4 h6 44. e6 Re7 45. Qd6 Bf6 46. h3 1-0